Нетрадиционные подходы к функциональному контролю электротехнических и электромеханических систем и устройств; Электроэнергетика, электротехнические системы и комплексы

Dades bibliogràfiques
Parent link:Электроэнергетика, электротехнические системы и комплексы.— 2003.— С. 159-161
Autor principal: Гольдштейн Е. И.
Idioma:rus
Publicat: 2003
Matèries:
Format: Capítol de llibre
KOHA link:https://koha.lib.tpu.ru/cgi-bin/koha/opac-detail.pl?biblionumber=105881

MARC

LEADER 00000naa2a2200000 4500
001 105881
005 20231031114704.0
035 |a (RuTPU)RU\TPU\book\114253 
090 |a 105881 
100 |a 20061123d2003 k y0rusy50 ca 
101 0 |a rus 
102 |a RU 
200 1 |a Нетрадиционные подходы к функциональному контролю электротехнических и электромеханических систем и устройств  |f Е. И. Гольдштейн 
320 |a Библиогр.: 4 назв. 
463 0 |0 (RuTPU)RU\TPU\book\62183  |t Электроэнергетика, электротехнические системы и комплексы  |o Материалы международной научно-технической конференции, Томск, 3-5 сентября 2003 г.  |f Томский политехнический университет; Сибирское отделение РАН  |v С. 159-161  |d 2003  |p 323 с. 
610 1 |a электромеханические системы 
610 1 |a электротехнические системы 
610 1 |a функциональный контроль 
610 1 |a труды учёных ТПУ 
700 1 |a Гольдштейн  |b Е. И. 
801 1 |a RU  |b 63413507  |c 20061123  |g PSBO 
801 2 |a RU  |b 63413507  |c 20091124  |g RCR 
942 |c BK